The echo-impulse position detection by the dual-frequency sensing method; Control and Communications (SIBCON)
| Parent link: | Control and Communications (SIBCON).— 2015.— [3 p.] |
|---|---|
| Autor corporatiu: | , |
| Altres autors: | , , , |
| Sumari: | Title screen The paper presents a new method of determiningthe temporal position of the received signal and the description ofthe mathematical apparatus method. The algorithm of measuringdistance by means of ultrasound two-frequency method is givenas well. Режим доступа: по договору с организацией-держателем ресурса |
| Idioma: | anglès |
| Publicat: |
2015
|
| Matèries: | |
| Accés en línia: | http://dx.doi.org/10.1109/SIBCON.2015.7147308 |
| Format: | Electrònic Capítol de llibre |
| KOHA link: | https://koha.lib.tpu.ru/cgi-bin/koha/opac-detail.pl?biblionumber=644014 |
MARC
| LEADER | 00000naa0a2200000 4500 | ||
|---|---|---|---|
| 001 | 644014 | ||
| 005 | 20250606154256.0 | ||
| 035 | |a (RuTPU)RU\TPU\network\9042 | ||
| 090 | |a 644014 | ||
| 100 | |a 20151026d2015 k||y0engy50 ba | ||
| 101 | 0 | |a eng | |
| 135 | |a drcn ---uucaa | ||
| 181 | 0 | |a i | |
| 182 | 0 | |a b | |
| 200 | 1 | |a The echo-impulse position detection by the dual-frequency sensing method |f Yu. V. Shulgina [et al.] | |
| 203 | |a Text |c electronic | ||
| 300 | |a Title screen | ||
| 320 | |a [References: 3 tit.] | ||
| 330 | |a The paper presents a new method of determiningthe temporal position of the received signal and the description ofthe mathematical apparatus method. The algorithm of measuringdistance by means of ultrasound two-frequency method is givenas well. | ||
| 333 | |a Режим доступа: по договору с организацией-держателем ресурса | ||
| 463 | |t Control and Communications (SIBCON) |o International Siberian Conference on Russia, Omsk, May 21-23, 2015 |v [3 p.] |o [proceedings] |d 2015 | ||
| 610 | 1 | |a электронный ресурс | |
| 610 | 1 | |a труды учёных ТПУ | |
| 610 | 1 | |a ultrasound | |
| 610 | 1 | |a depth-gauge | |
| 610 | 1 | |a comparison | |
| 610 | 1 | |a waveguide propagation | |
| 701 | 1 | |a Shulgina |b Yu. V. |c specialist in the field of electronics |c engineer Tomsk Polytechnic University |f 1987- |g Yulia Viktorovna |3 (RuTPU)RU\TPU\pers\33688 | |
| 701 | 1 | |a Soldatov |b A. A. |c specialist in the field of electronics |c engineer, Senior Lecturer of Tomsk Polytechnic University, candidate of technical Sciences |f 1988- |g Andrey Alekseevich |3 (RuTPU)RU\TPU\pers\35417 |9 18625 | |
| 701 | 1 | |a Shulgin |b E. M. |g Evgeny Mikhaylovich | |
| 701 | 1 | |a Kudryashova |b A. V. |c linguist |c Senior Lecturer of Tomsk Polytechnic University |f 1979- |g Aleksandra Vladimirovna |3 (RuTPU)RU\TPU\pers\32856 |9 16704 | |
| 712 | 0 | 2 | |a Национальный исследовательский Томский политехнический университет (ТПУ) |b Институт неразрушающего контроля (ИНК) |b Кафедра промышленной и медицинской электроники (ПМЭ) |3 (RuTPU)RU\TPU\col\18719 |
| 712 | 0 | 2 | |a Национальный исследовательский Томский политехнический университет (ТПУ) |b Институт кибернетики (ИК) |b Кафедра иностранных языков института кибернетики (ИЯИК) |3 (RuTPU)RU\TPU\col\18707 |
| 801 | 2 | |a RU |b 63413507 |c 20160229 |g RCR | |
| 850 | |a 63413507 | ||
| 856 | 4 | |u http://dx.doi.org/10.1109/SIBCON.2015.7147308 | |
| 942 | |c CF | ||